Stochastický trojstavový model zdravotného poistenia

Zdravie ako nevyhnutná podmienka zaradenia sa do spoločnosti a dosiahnutia plnohodnotného života. Stochastický prístup pri modelovaní produktov zdravotného, ale aj nemocenského poistenia. Teória homogénnych Markovových reťazcov.

Guardado en:
Detalles Bibliográficos
Autor principal: Škrovánková, Petra, 1981-
Formato: Capítulo de libro
Lenguaje:eslovaco
Materias:
Etiquetas: Agregar Etiqueta
Sin Etiquetas, Sea el primero en etiquetar este registro!

MARC

LEADER 00000naa$a2200000$$$4500
001 0105736
005 20240502072157.1
041 0 |a slo 
044 |a SK 
245 1 0 |a Stochastický trojstavový model zdravotného poistenia  |c Petra Škrovánková 
520 |a Zdravie ako nevyhnutná podmienka zaradenia sa do spoločnosti a dosiahnutia plnohodnotného života. Stochastický prístup pri modelovaní produktov zdravotného, ale aj nemocenského poistenia. Teória homogénnych Markovových reťazcov. 
610 2 0 |a poistenie nemocenské 
610 2 0 |a poistenie zdravotné 
610 2 0 |a reťazce Markovove 
100 1 |a Škrovánková, Petra, 1981-